| 000 | 00474nam a22001217a 4500 | ||
|---|---|---|---|
| 999 |
_c23738 _d23738 |
||
| 003 | NUST | ||
| 005 | 20170608120321.0 | ||
| 008 | 140103b xxu||||| |||| 00| 0 eng d | ||
| 010 | _a2008004423 | ||
| 020 |
_a978007156461 _cAvailable |
||
| 040 |
_aDLC _bDLC _cRCMS |
||
| 082 |
_27th,ed. _a658.27MOB _b002489 |
||
| 100 |
_aR.Keith Mobley Lindley R Higgins And Darrin J. Wikoff _92271 |
||
| 245 |
_aMaintenance Engineering Handbook _cMobely Keith R |
||
| 250 | _a7th,ed. | ||
| 260 |
_aUSA _bMcGraw-Hill _cc.2008 |
||
| 300 |
_axxiv,1000,p: _bill: _c30,cm. |
||
| 504 | _aIncludes index. | ||
| 538 | _iShelf No 1 Row No 4 | ||
| 650 |
_a Plant Maintenance ------- Handbook _92272 |
||
| 856 | _3Table of Content Only | ||
| 942 |
_2ddc _cBK |
||